Statistiques concernant Films français de 2023 par images

Cliquez ici pour prendre le quiz!

Statistiques générales

  • Ce quiz a été pris 76 fois
  • Le résultat moyen est 7 sur 20

Statistiques - réponses

Réponse% Correct
Astérix & Obélix - L'Empire du milieu
92%
Anatomie d'une chute
69%
Les Trois mousquetaire, Milady
62%
Yannick
54%
Le procès Goldman
48%
Le Règne animal
48%
Chien de la casse
42%
Je verrai toujours vos visages
40%
Bernadette
38%
Le livre des solutions
31%
Une année difficile
26%
Vermines
26%
Jeanne du Barry
22%
L'amour et les forêts
22%
Acide
18%
La passion de Dodin Bouffant
18%
Mon crime
17%
Second tour
12%
Toni, en famille
11%
Dogman
6%

Distribution des résultats

Percentile par nombre de réponses

% des personnes avec chaque résultat

Votre développement - résultats

Vous n’avez pas pris ce quiz